Bigger in America? Click Quiz - Statistics

General Stats
  • This quiz has been taken 65 times
  • The average score is 15 of 22
Answer Stats
Hint Explanation Answer % Correct
Melbourne 86k (FL) vs. 5.2m (AUS) Original
94%
Boston 676k (MA) vs. 45k (UK) American
90%
Oxford 25k (MS) vs. 163k (UK) Original
86%
Toledo 265k (OH) vs. 85k (ES) American
84%
Gloucester 29k (MA) vs. 132k (UK) Original
84%
Syracuse 148k (NY) vs. 122k (IT) American
79%
Odessa 114k (TX) vs. 992k (UKR) Original
79%
Parma 82k (OH) vs. 198k (IT) Original
75%
Stamford 135k (CT) vs. 21k (UK) American
70%
Birmingham 201k (AL) vs. 1.1m (UK) Original
68%
Plymouth 60k (MA) vs. 264k (UK) Original
67%
Cambridge 118k (MA) vs. 145k (UK) Original
62%
Waterford 20k (CT) vs. 60k (IE) Original
60%
Westminster 116k (CO) vs. 211k (UK) Original
60%
Lancaster 173k (CA) vs. 52k (UK) American
56%
Harlingen 72k (TX) vs. 16k (NL) American
56%
Bangor 32k (ME) vs. 15k (UK) American
56%
Bethlehem 75k (PA) vs. 29k (ISR) American
54%
Worcester 206k (MA) vs. 104k (UK) American
51%
Winchester 28k (VA) vs. 48k (UK) Original
51%
Dover 39k (DE) vs. 31k (UK) American
48%
Greenwich 64k (CT) vs. 31k (UK) American
30%
No matching quizzes found
Score Distribution
Percent of People with Each Score
Percentile by Number Answered
Your Score History
You have not taken this quiz